History Quiz

Random History or Biography Quiz

That's What 'L' Said Quiz Stats

 Plays Quiz Updated Mar 4, 2017

Support Sporcle.
Go Orange.
Score 0/15 Timer 08:00
0 Plays Today
% Correct
All the violence they do these days.
94.6%
And never finish their drawings with shading.
94.2%
A kind of secular Ten Commandments on which we will build the world of tomorrow.
93.8%
To consolidate the power to stay within the Kim Jong Il family.
93.8%
And the rest of us would have to settle for something less.
93.7%
You may end up where you are heading.
93.6%
Is like a little man within.
93.5%
Is like making love by mail.
93.4%
% Correct
But the dollar and cents element is the reality every performer has to face.
93.4%
Whether the White Race will survive.
92.9%
No one single decision can make life suddenly better.
92.5%
That it is very good but that most people can't eat it.
92.4%
To place any high value on the work that I do to write a song.
92.1%
I pray while I am engaged at my work in the laboratory.
91.8%
Smut is my vocation.
91.6%

You're not logged in!

Compare scores with friends on all Sporcle quizzes.
OR
Log In
Forgot?

From the Vault

Literature... By 14 Other Categories!

by SporcleEXP

You gotta leverage your strong category to help you with the other ones.
Remove Ads.
Support Sporcle.
Get the best of Sporcle when you Go Orange. This ad-free experience offers more features, more stats, and more fun while also helping to support Sporcle. Thank you for becoming a member.

Show Comments

Extras

Top Quizzes Today


Score Distribution

Your Account Isn't Verified!

In order to create a playlist on Sporcle, you need to verify the email address you used during registration. Go to your Sporcle Settings to finish the process.

Report this User

Report this user for behavior that violates our Community Guidelines.

Details: